00627nam a22001817a 450000500170000001000150001702000260003203500140005803700090007208200140008110000270009524500550012225000060017726000360018327001520021930000200037150000540039120260616112311.0 aENG-148859 c400.00a9788119664894 aEN-132391 bDBAD a956.9421 aParackal, Manoj Thomas aRemember and do not Forget/cManoj Thomas Parackal a1 bATC PublishersaBengaluruc2024 aSt's Mary Block, Archdiocesan,Pastoral Center,#5, Nandidurga Road,Benson TownbBengalurue560046k+918025491999k7090100444minfo@atcpublishers.com a275p.c22cm(pb) aGod's Command to Israel in the Book of Deuteroomy